Science Quiz

Random Science or Biology Quiz

Weird but True Animal Facts Quiz Stats

 Plays Quiz not verified by Sporcle

Challenge
Share
Tweet
Embed
Score 0/24 Timer 05:00
1 Play Today
% Correct
Bats
90.3%
Chihuahua
88.6%
Zedonk
88.5%
Dead
88.4%
Smell
87.8%
Gender
85.9%
Tiger
82.3%
Elephants
81.8%
Teeth
73%
Heart
72.7%
Cockroaches
71.3%
Kangaroos
68%
% Correct
Honeybee
66.7%
Submarines
63.8%
Brain
63.4%
Dolphin
63.1%
Grasshoppers
54.3%
Crickets
46.5%
Ants
43.4%
Ostrich
40.5%
Clams
38.7%
Sharks
37.4%
Cheetahs
35.1%
Cats
29.6%

You're not logged in!

Compare scores with friends on all Sporcle quizzes.
OR
Log In

You Might Also Like...

Show Comments

Extras

Top Quizzes Today


Score Distribution

Your Account Isn't Verified!

In order to create a playlist on Sporcle, you need to verify the email address you used during registration. Go to your Sporcle Settings to finish the process.

Report this User

Report this user for behavior that violates our Community Guidelines.

Details: